000 00371nam a22001217a 4500
008 230808b |||||||| |||| 00| 0 eng d
022 _a0971-9784
040 _aNational Science Library
_cNational Science Library
245 _aAnnals of cardiac anaesthesia
260 _aMumbai:
_bMedknow Publications and Media Pvt Ltd.,
_c1998
310 _aQuarterly
942 _cCR
_2udc
999 _c58099
_d58099